000 00430nam a2200157 i 4500
001 bg
100 1 _aISAKOVA, R. A.
245 0 _aOsnovy rakuumnoj piroselekcii polimetalliceskogo syrja /
_cR.A. Isakova, V.N. Nesterov, D.S. Celohsaev.
260 _aAlma-Ata,
_c1973.
700 1 _aNESTEROV, V. N.
700 1 _aCELOHSAEV, D. S.
040 _cBPK
041 _apol
942 _cKS
008 s pl f |000 0 pol
999 _c15732
_d15732
856 _uhttp://koha.tu.koszalin.pl/cgi-bin/koha/opac-detail.pl?biblionumber=15732
_yKatalog online BPK